Logicomix.
Sábháilte in:
| Príomhchruthaitheoirí: | , |
|---|---|
| Rannpháirtithe: | , , |
| Formáid: | Anaithnid |
| Teanga: | Béarla |
| Foilsithe / Cruthaithe: |
Barcelona, España:
Ediciones Salamandra,
2017.
|
| Eagrán: | Segunda edición. |
| Sraith: | Graphic.
|
| Ábhair: | |
| Clibeanna: |
Cuir clib leis
Níl clibeanna ann, Bí ar an gcéad duine le clib a chur leis an taifead seo!
|
MARC
| LEADER | 00000 a2200000 4500 | ||
|---|---|---|---|
| 003 | CL-VaPUC | ||
| 005 | 20240819115759.0 | ||
| 008 | 240115t2017 ||||| |||| 00| 0 eng d | ||
| 999 | |c 442247 |d 442245 | ||
| 020 | |a 978-84-16131-03-7 | ||
| 040 | |c Pontificia Universidad Católica de Valparaíso | ||
| 082 | |2 22 |a 741.5 DOX 2017 | ||
| 100 | |a Doxiadis, Apostolos |9 885502 |e autor | ||
| 245 | |a Logicomix. | ||
| 250 | |a Segunda edición. | ||
| 260 | |a Barcelona, España: |b Ediciones Salamandra, |c 2017. | ||
| 300 | |a 349 páginas. | ||
| 490 | |a Graphic. | ||
| 583 | |k GC |c 20240115 | ||
| 650 | 0 | |a Lógica matemática |v Aspectos filosóficos |v Cómics, novelas gráficas, historietas, etc. |y Siglo 20 |9 262442 | |
| 700 | |9 468922 |a Papadimitriou, Christos H. |e author | ||
| 700 | |9 887168 |a Papadatos, Alecos |e ilustraciones | ||
| 700 | |9 887169 |a Donna, Annie di |e color | ||
| 700 | |9 706207 |a Savater, Fernando |e introducción | ||
| 942 | |2 ddc |c BK | ||
| 952 | |0 0 |1 0 |2 ddc |4 0 |6 741_500000000000000_DOX_2017 |7 0 |8 A |9 593344 |a BIBEDU |b BIBEDU |c RES |d 2024-01-12 |e 3 |g 35113.00 |i 5660064 |l 3 |m 1 |o 741.5 DOX 2017 |p 5660064 |r 2025-03-24 |s 2025-03-20 |t 1 |v 35113.00 |w 2024-01-12 |y BK_R |k FIL | ||